Cities of Kern County on a Map - Statistics

General Stats
  • This quiz has been taken 197 times
  • The average score is 7 of 11
Answers on the Map
Answers color-coded by a green-red scale on the quiz's map according to % correct below.
 
Answer Stats
Answer % Correct
Bakersfield
100%
California City
73%
Delano
73%
Tehachapi
67%
Arvin
62%
McFarland
62%
Ridgecrest
60%
Shafter
56%
Wasco
56%
Taft
54%
Maricopa
46%
No matching quizzes found
Score Distribution
Percent of People with Each Score
Percentile by Number Answered
Your Score History
You have not taken this quiz